| 000 | 00605nam a2200169Ia 4500 | ||
|---|---|---|---|
| 005 | 20250923144956.0 | ||
| 008 | 008 250917s9999 xx 000 0 eng d | ||
| 037 | _aTextual | ||
| 040 |
_aDSWL _beng _cDSWL |
||
| 041 |
_aeng _2eng |
||
| 084 |
_aY1:52:5u252926:N66 _qDSWL |
||
| 245 | 0 |
_aAcceptance of family planning methods a function of the nature and intensity of contact _cby Planning Research Action Institute |
|
| 260 |
_aUP _bPlanning Research Action Institute Planning Dept. _c1961 |
||
| 300 | _a67 p. | ||
| 942 |
_cTEXL _hY1:52:5u252926:N66 |
||
| 999 |
_c1445590 _d1445590 |
||